Chapman Library

God's Tent (Record no. 6802)

000 -LEADER
fixed length control field 00295nam a22001337a 4500
020 ## - INTERNATIONAL STANDARD BOOK NUMBER
ISBN 0720804485
050 ## - LIBRARY OF CONGRESS CALL NUMBER
Classification number BM 675.72
100 ## - MAIN ENTRY--AUTHOR NAME
Personal name COWAN, Alworth
245 ## - TITLE STATEMENT
Title God's Tent
260 ## - PUBLICATION, DISTRIBUTION, ETC. (IMPRINT)
Place of publication London
Name of publisher Pickering
Year of publication 1980
300 ## - PHYSICAL DESCRIPTION
Number of Pages 138
942 ## - ADDED ENTRY ELEMENTS (KOHA)
Koha item type Books
988 ## - PAGINATION/EXTENT
PAGINATION/EXTENT Bibliographical references included
Holdings
Koha item type Collection code Shelving location Accession Number Permanent Location Current Location Date acquired Full call number
BooksLendingLending8374Chapman LibraryChapman Library2018-10-26BM 675.T2


CSUC Chapman Library is a Koha Automated Library.


Contact us: library@csuc.edu.gh.